000 00619nam a2200193Ii 4500
003 JO-AjNU
008 230605s9999||||xx |||||||||||||| ||und||
040 _aJO-AjNU
_bara
_erda
_cJO-AjNU
041 _aara
050 1 4 _aK3322.H5736.1998
100 3 _a خالد ، هشام ,
_eauthor
_915489
245 0 0 _aالحماية القانونية للإستثمارات العربية
250 _a(د،ط)
264 3 1 _aالاسكندرية : مؤسسة شباب الجامعة ، 1988
300 _a151ص
336 _atext
_btxt
_2rdacontent
337 _aunmediated
_bn
_2rdamedia
338 _avolume
_bnc
_2rdacarrier
999 _aA4387
_c7955
_d7955